Most Streamed Songs in 2025 - Statistics

General Stats
  • This quiz has been taken 42 times
  • The average score is 6 of 10
Answer Stats
Artist(s) Answer % Correct
ROSÉ & Bruno Mars APT.
87%
Lady Gaga & Bruno Mars Die With a Smile
87%
Alex Warren Ordinary
74%
HUNTR/X, EJAE, Audrey Nuna and Rei Ami Golden
61%
Billie Eilish BIRDS OF A FEATHER
55%
Bad Bunny DtMF
55%
Kendrick Lamar & SZA luther
53%
sombr back to friends
50%
Billie Eilish Wildflower
45%
Gracie Abrams That’s So True
34%
No matching quizzes found
Score Distribution
Percent of People with Each Score
Percentile by Number Answered
Your Score History
You have not taken this quiz